000 01663nam0a22002771 4500
001 rc\2192866
005 20110829164301.0
035 _a(NLR Aleph) 006613165
090 _a7370602
_c7370602
100 _a20110829d1979 |||y0rusy50 ca
101 0 _arus
102 _aRU
105 _ay z |||||
200 1 _aМетодические рекомендации в помощь пропагандистам системы комсомольского политпросвещения, лекторам, преподавателям и слушателям народных университетов, членам методических советов и комиссий, руководителям постоянно действующих семинаров пропагандистов, общественным консультантам
_fДом полит. просвещения Краснодар. крайкома КПСС, Крайком ВЛКСМ, О-во "Знание" РСФСР. Краснодар. краев. орг.
_g[Подгот. Понятаев Б.М., Якаев С.Н., Высотина Л.А. и др.]
210 _aКраснодар
_cБ. и.
_d1979
215 _a80 с.
_d20
702 1 _aВысотина
_bЛ. А.
_4220
702 1 _aПонятаев
_bБ. М.
_gБорис Максимович
_4220
702 1 _aЯкаев
_bС. Н.
_4220
712 0 2 _aКраснодарский краев. дом политического просвещения
_3RU\NLR\AUTH\889939299
801 0 _aRU
_bNLR
_gpsbo
801 1 _aRU
_bELAR
_2rusmarc
852 _aNLR
_j79-4/24791
899 _aRuMoRGB
_jM 79-18/1770
942 _cBOOK
980 _aNB